[Event "Oregon inv"]
[Site "Portland"]
[Date "2018.09.23"]
[Round "8"]
[White "Tobin, Sean"]
[Black "Sherrard, Jerry"]
[Result "1-0"]
[WhiteElo "2001"]
[BlackElo "2042"]
[PlyCount "107"]
[EventDate "2018.09.14"]
[EventType "tourn"]
[EventRounds "9"]
[EventCountry "USA"]
[SourceTitle "EXT 2024"]
[Source "ChessBase"]
[SourceDate "2023.10.10"]
[SourceVersion "1"]
[SourceVersionDate "2023.10.10"]
[SourceQuality "1"]

1. d4 Nf6 2. c4 e6 3. Nc3 Bb4 4. Nf3 d5 5. cxd5 Nxd5 6. Bd2 0-0 7. e4 Nf6 8. e5 Nd5 9. Bd3 Nxc3 10. bxc3 Be7 11. h4 h6 12. Qc1 c5 13. Bxh6 cxd4 14. cxd4 Nc6 15. Qf4 f5 16. Bg5 Nb4 17. Qd2 Nxd3+ 18. Qxd3 Qa5+ 19. Bd2 Qd5 20. 0-0 Bd7 21. Qb3 Bc6 22. Rfe1 Qxb3 23. axb3 Bxf3 24. gxf3 Bxh4 25. f4 Rfd8 26. Be3 Rd5 27. Rec1 a6 28. Rc3 Rad8 29. Rac1 Kf7 30. Rc7+ R8d7 31. Kg2 Bd8 32. Rxd7+ Rxd7 33. Kf3 Ba5 34. Ke2 Ke7 35. Kd3 Bb6 36. Rc4 Kd8 37. Rc1 Rc7 38. Rg1 Ba5 39. Bd2 Bxd2 40. Kxd2 Rd7 41. Kd3 Kc7 42. Rg6 Re7 43. Kc4 b6 44. d5 exd5+ 45. Kxd5 Rd7+ 46. Ke6 Rd3 47. Rxg7+ Kc6 48. Rg3 Rd4 49. Rc3+ Kb5 50. Kxf5 Rd2 51. e6 Kb4 52. Re3 Rd8 53. e7 Re8 54. Ke6 1-0

[Event "Clark Harmon Memorial 7th"]
[Site "Portland"]
[Date "2013.04.14"]
[Round "5"]
[White "Sherrard, Jerry"]
[Black "Gutman, Richard George"]
[Result "1-0"]
[WhiteElo "2010"]
[BlackElo "2008"]
[PlyCount "47"]
[EventDate "2013.04.13"]
[EventType "swiss"]
[EventRounds "5"]
[EventCountry "USA"]
[SourceTitle "EXT 2017"]
[Source "ChessBase"]
[SourceDate "2016.10.25"]
[SourceVersion "1"]
[SourceVersionDate "2016.10.25"]
[SourceQuality "1"]

1. e4 c5 2. Nf3 d6 3. Nc3 Nc6 4. Bb5 e6 5. Bxc6+ bxc6 6. d3 Be7 7. 0-0 e5 8. Ne1 g5 9. Qe2 h5 10. Nd1 Bg4 11. f3 Be6 12. c4 Nh6 13. Ne3 Qd7 14. N1c2 0-0-0 15. b4 cxb4 16. Nxb4 a5 17. Nbd5 Bxd5 18. cxd5 c5 19. Nc4 Qa7 20. Qb2 Kc7 21. Qb5 Rb8 22. Qc6+ Kd8 23. Bd2 Qd7 24. Bxa5+ 1-0